000 00360nam a2200145Ia 4500
100 _aAlciatore/David G/ Histand/Michael B
250 _a2
942 _cBK
654 _amechatronics
245 _aIntroduction to Mechatronics and measurement systems
260 _bTata Mc Graw hill
_c2003
082 _a621.381042
_bALC
300 _a466
546 _aENGLISH
999 _c32293
_d32293